| 000 | 00486nam a22001937a 4500 | ||
|---|---|---|---|
| 003 | CEME | ||
| 005 | 20210628202916.0 | ||
| 008 | 210211b xxu||||| |||| 00| 0 eng d | ||
| 020 | _a81-7808-456-2 | ||
| 040 | _c. | ||
| 082 | _a621.38275 PAL | ||
| 100 |
_aPalais, Joseph C _954312 |
||
| 245 | _aFiber optic communications | ||
| 250 | _a4TH | ||
| 260 |
_aINDIA _bPEARSON EDUCATION ASIA _c1998 |
||
| 300 | _aIX342P | ||
| 650 |
_aCOMMUNICATIONS-FIBER OPTIC _962254 |
||
| 942 |
_cBK _2ddc |
||
| 999 |
_c571419 _d571419 |
||